00243nam a2200097Ia 4500001000800000005001700008008004100025020001800066245004200084260001900126127604020260417160439.0260417s9999 xx 000 0 und d a9786255888303 0aBekle Beni Peynir DağıcEric Zhang bKetebe Çocuk